[Event "Athens ChessSquare Autumn op"]
[Site "Athens"]
[Date "2016.09.10"]
[Round "1"]
[White "Apergis, Iosif"]
[Black "Delithanasis, Dimitrios"]
[Result "0-1"]
[WhiteElo "1235"]
[BlackElo "2054"]
[PlyCount "46"]
[EventDate "2016.09.10"]
[EventType "swiss"]
[EventRounds "7"]
[EventCountry "GRE"]
[SourceTitle "EXT 2024"]
[Source "ChessBase"]
[SourceDate "2023.10.10"]
[SourceVersion "1"]
[SourceVersionDate "2023.10.10"]
[SourceQuality "1"]

1. e4 e5 2. Nf3 Nc6 3. Bb5 Nf6 4. 0-0 Nxe4 5. Bxc6 dxc6 6. Re1 Nc5 7. Nxe5 Be7 8. d4 Ne6 9. Nf3 0-0 10. Nc3 f5 11. Ne2 f4 12. c3 Bd6 13. Ne5 Qf6 14. Ng4 Qg6 15. f3 Ng5 16. h3 h5 17. Nh2 Nxh3+ 18. Kf1 Be6 19. Bd2 Rf6 20. Rc1 Bc4 21. gxh3 Qg3 22. b3 Qxh2 23. bxc4 Rg6 0-1

[Event "EU-ch U14 26th"]
[Site "Prague"]
[Date "2016.08.18"]
[Round "1"]
[White "Jazdanovs, Aleksandrs"]
[Black "Apergis, Iosif"]
[Result "1-0"]
[WhiteElo "2040"]
[BlackElo "1203"]
[PlyCount "69"]
[EventDate "2016.08.18"]
[EventType "swiss"]
[EventRounds "9"]
[EventCountry "CZE"]
[SourceTitle "CBM 174 Extra"]
[Source "ChessBase"]
[SourceDate "2016.10.10"]
[SourceVersion "1"]
[SourceVersionDate "2016.10.10"]
[SourceQuality "1"]

1. Nf3 d5 2. c4 d4 3. e3 c5 4. exd4 cxd4 5. d3 Nc6 6. g3 Nf6 7. Bg2 e5 8. Bg5 h6 9. Bxf6 Qxf6 10. 0-0 Bd6 11. a3 a5 12. Nbd2 a4 13. b4 axb3 14. Ne4 Qe7 15. Qxb3 Bxa3 16. c5 Be6 17. Rxa3 Bxb3 18. Rxa8+ Nd8 19. Nd6+ Kf8 20. Nxb7 Ke8 21. Nxe5 Qxe5 22. Rxd8+ Ke7 23. Rxh8 Bd5 24. Bxd5 Qxd5 25. Re1+ Kf6 26. Nd6 Kg6 27. Rc1 Qb3 28. c6 Qa3 29. Rc4 Qxd3 30. c7 Qb1+ 31. Kg2 d3 32. c8Q d2 33. Qg4+ Kf6 34. Ne4+ Ke5 35. Rc5+ 1-0

[Event "GRE-ch U14"]
[Site "Porto Rio"]
[Date "2016.07.01"]
[Round "6"]
[White "Apergis, Iosif"]
[Black "Alygizakis, Apostolos"]
[Result "1-0"]
[WhiteElo "1241"]
[BlackElo "1368"]
[PlyCount "117"]
[EventDate "2016.06.28"]
[EventType "swiss"]
[EventRounds "9"]
[EventCountry "GRE"]
[SourceTitle "CBM 173 Extra"]
[Source "ChessBase"]
[SourceDate "2016.08.29"]
[SourceVersion "1"]
[SourceVersionDate "2016.08.29"]
[SourceQuality "1"]

1. e4 c5 2. Nf3 e6 3. d4 cxd4 4. Nxd4 Nf6 5. f3 d6 6. c4 Be7 7. Nc3 0-0 8. Be3 Nc6 9. Be2 Bd7 10. 0-0 a6 11. Qd2 Rc8 12. Rac1 Ne5 13. b3 Qc7 14. Rfd1 Qb8 15. Kh1 Rfd8 16. Qb2 Be8 17. Rd2 d5 18. cxd5 exd5 19. Nxd5 Nxd5 20. exd5 Bb4 21. Rdd1 Rxd5 22. Rxc8 Qxc8 23. Rc1 Qd8 24. Nc2 Nd3 25. Bxd3 Rxd3 26. Nxb4 Rxe3 27. Qc2 Qe7 28. Nd3 Bc6 29. Qc5 Qe8 30. Nf4 Re5 31. Qc3 Qe7 32. Kg1 Qf6 33. Nd3 Re6 34. Qxf6 Rxf6 35. Ne5 Kf8 36. Nxc6 bxc6 37. Kf2 Rd6 38. Ke3 Ke7 39. Rc4 Kd7 40. Rd4 Rd5 41. Rxd5+ cxd5 42. Kd4 Kc6 43. b4 g6 44. a4 Kd6 45. b5 a5 46. b6 Kc6 47. b7 Kxb7 48. Kxd5 Kb6 49. Kd6 f5 50. f4 Ka6 51. Kc6 h6 52. h4 h5 53. g3 Ka7 54. Kb5 Kb7 55. Kxa5 Kc6 56. Kb4 Kb6 57. a5+ Ka6 58. Kc5 Kxa5 59. Kd5 1-0

[Event "GRE-ch U14"]
[Site "Porto Rio"]
[Date "2016.06.29"]
[Round "2"]
[White "Apergis, Iosif"]
[Black "Zgouletas, Ioannis"]
[Result "0-1"]
[WhiteElo "1241"]
[BlackElo "1499"]
[PlyCount "104"]
[EventDate "2016.06.28"]
[EventType "swiss"]
[EventRounds "9"]
[EventCountry "GRE"]
[SourceTitle "CBM 173 Extra"]
[Source "ChessBase"]
[SourceDate "2016.08.29"]
[SourceVersion "1"]
[SourceVersionDate "2016.08.29"]
[SourceQuality "1"]

1. e4 e5 2. Nf3 Nc6 3. Bb5 a6 4. Ba4 Nf6 5. 0-0 b5 6. Bb3 Be7 7. Re1 d6 8. c3 Bg4 9. h3 Bxf3 10. Qxf3 0-0 11. Qd1 d5 12. d3 Qd7 13. Bg5 d4 14. Bxf6 Bxf6 15. Bd5 dxc3 16. Nxc3 Rad8 17. Bxc6 Qxc6 18. Nd5 Qd6 19. Qf3 Bg5 20. Red1 f5 21. Qh5 Bh6 22. Qh4 Rd7 23. d4 Rfd8 24. dxe5 Qxe5 25. Ne7+ Kf7 26. Rxd7 Rxd7 27. Nxf5 Qxb2 28. Nxh6+ gxh6 29. Qh5+ Ke7 30. Qc5+ Ke8 31. Qh5+ Kd8 32. Rd1 Qxa2 33. Rxd7+ Kxd7 34. Qg4+ Kc6 35. Qf5 b4 36. e5 b3 37. Qe6+ Kc5 38. Qe7+ Kd4 39. Qb4+ Kd3 40. Qe1 Qe2 41. Qb1+ Qc2 42. Qf1+ Kc3 43. Qa1+ b2 44. Qa3+ Qb3 45. Qc5+ Kd2 46. Qd4+ Kc2 47. Qe4+ Qd3 48. Qc6+ Kb3 49. Qb7+ Ka2 50. Qxc7 b1Q+ 51. Kh2 Qb4 52. e6 Qdd6+ 0-1